00653nam a22002057a 450000500170000001000130001702000220003003500130005203700160006504000120008108200180009310000210011124500610013226000500019327000400024330000260028350000510030965000370036065000500039720170124110057.0 aA-991589 c00.00a8176480584 aA-991589 bCen Lib/Ret aDPLbEN a954.0841bKIB aKibriya, Mazhar  aGandhi and indian freedom struggle /cby Mazhar Kibriya  aNew Delhi bAPH Publishing Corporation c1999 a5, ansari road bNew Delhi e110002 axi, 387p. :c21cm(Hb) aIncludes bibliographical references and index  aGandhi, -- Mahatma, -- 1869-1948 aIndia -- Politics and government -- 1919-1947